000 00302 a2200121 4500
999 _c321548
_d321548
001 86475
003 NUST
005 20180122153554.0
008 180122b xxu||||| |||| 00| 0 eng d
082 _a398.2 CHA
100 _aCharles, Rev
_99509
245 _aFolk Tales From the Upper Indus
_hEnglish
260 _aIslamabad
_bLok Virsa Islamabad
_c1987
300 _axxii+376p.
942 _aAHQ
_cBK
_k398.2 CHA
_2ddc